Cambridge english worldwide

Tallennettuna:
Bibliografiset tiedot
Päätekijä: Littlejohn, Andrew
Aineistotyyppi: Kirja
Kieli:Undetermined
Julkaistu: Cambridge Cambridge University Press 2001
Aiheet:
Tagit: Lisää tagi
Ei tageja, Lisää ensimmäinen tagi!
Thư viện lưu trữ: Trung tâm Học liệu Trường Đại học Cần Thơ
LEADER 00556nam a2200193Ia 4500
001 CTU_120877
008 210402s9999 xx 000 0 und d
082 |a 428.0071 
082 |b L778/Cas.2 
100 |a Littlejohn, Andrew 
245 0 |a Cambridge english worldwide 
245 0 |c Andrew Littlejohn, Diana Hicks 
260 |a Cambridge 
260 |b Cambridge University Press 
260 |c 2001 
650 |a English language 
650 |x Textbooks for foreign speakers 
904 |i M.Loan 
980 |a Trung tâm Học liệu Trường Đại học Cần Thơ